Cut 'It' Out (7 letter version) Quiz Stats

 Plays Quiz not verified by Sporcle

Score 0/20 Timer 06:00
0 Plays Today
Definition Answer % Correct
OutlawsBANDITS → BANDS
95%
Members of a male Catholic orderJESUITS → JESUS
92.1%
One of the three R's of educationWRITING → WRING
86.4%
Planes, trains, and automobiles are modes of thisTRANSIT → TRANS
85%
Giving 10%, usually to a religious organizationTITHING → THING
80%
Weakest of the fundamental forcesGRAVITY → GRAVY
79.3%
Wheat glutensSEITANS → SEANS
79.3%
Fool's gold mineralsPYRITES → PYRES
77.1%
Lively and cheerful activity or celebrationJOLLITY → JOLLY
73.6%
AllowsPERMITS → PERMS
73.6%
Definition Answer % Correct
Places where one can deliver a sermonPULPITS → PULPS
70%
Processes of cell divisionMITOSES → MOSES
64.3%
Fabric for making professional (2 or 3 piece) wearSUITING → SUING
64.3%
FriendshipsAMITIES → AMIES
63.6%
Part of the opening liturgy of the Eucharist INTROIT → INTRO
57.9%
Skin irritationITCHING → CHING
57.9%
FiniteLIMITED → LIMED
51.4%
BaSO4 minerals (alternate spelling)BARITES →> BARES
44.3%
Meriting referenceCITABLE → CABLE
32.9%
Shake up or disturbAGITATE → AGATE
28.6%

You're not logged in!

Compare scores with friends on all Sporcle quizzes.
OR
Log In

Sporcle TV

Today on Sporcle TV


Watch our educational content, quiz creation guides, and fun videos on Sporcle TV.

Show Comments

Extras

Top Quizzes Today


Score Distribution

Your Account Isn't Verified!

In order to create a playlist on Sporcle, you need to verify the email address you used during registration. Go to your Sporcle Settings to finish the process.

Report this User

Report this user for behavior that violates our Community Guidelines.

Details: